Can the European Union influence the functioning of regional governments?
Gespeichert in:
| 1. Verfasser: | |
|---|---|
| Format: | Buch |
| Sprache: | Englisch |
| Veröffentlicht: |
San Domenico (FI)
European University Institute
2000
|
| Schriftenreihe: | EUI Working paper RSC
No. 2000/49 |
| Schlagworte: | |
| Tags: |
Keine Tags, Fügen Sie das erste Tag hinzu!
|
MARC
| LEADER | 00000nam a2200000 4500 | ||
|---|---|---|---|
| 001 | c132131 | ||
| 005 | 20221123132549.1 | ||
| 041 | 0 | |a eng | |
| 044 | |a IT | ||
| 245 | 1 | 0 | |a Can the European Union influence the functioning of regional governments? |c Carolyn Marie Dudek |
| 264 | 1 | |a San Domenico (FI) |b European University Institute |c 2000 | |
| 300 | |a 34 s. | ||
| 490 | 1 | |a EUI Working paper RSC |v No. 2000/49 | |
| 830 | 0 | |a EUI Working paper RSC |v No. 2000/49 | |
| 610 | 2 | 0 | |a regióny |
| 610 | 2 | 0 | |a politika |
| 610 | 2 | 0 | |a vláda |
| 610 | 2 | 0 | |a regulácia |
| 610 | 2 | 0 | |a Európska únia |
| 100 | 1 | |a Dudek, Carolyn Marie | |